=LDR 00000nam 2200000 4500 =001 INLIS000000000033038 =005 20170107134906.0 =006 =007 =008 ind =035 ##$$0010-061300000033038 =041 ##$$a ind =082 ##$$a 364.153 =090 ##$$a 364.153, Wah p =100 ##$$a Wahid, Abdul =245 ##$$a Perlindungan terhadap korban kekerasan seksual, Advokasi atas hak asasi perempuan , Abdul wahid, Muhamad Irfan =260 ##$$a Bandung $b Rafika Aditama $c 2001 =300 ##$$a xviii,163 hlm, 23 cm =650 ##$$a Perkosaan =700 ##$$a Irfan, Muhammad =850 ##$$a NBPNMAT =990 ##$$a 0114/BPAP-NTB/2017